| 000 | 01048nam a2200229Ia 4500 | ||
|---|---|---|---|
| 001 | L266-47669 | ||
| 003 | IT-CnALBA | ||
| 008 | 170116s9999||||xx |||||||||||||| ||und|| | ||
| 040 |
_aIT-CnALBA _cIT-CnALBA |
||
| 041 | _aITALIANO | ||
| 100 | _aGNATA LAURA | ||
| 245 | 0 | _aIL MONDO IN CASA. FRAMMENTI DI VITA MISSIONARIA. | |
| 250 | _a1a ed. | ||
| 260 |
_a UDINE _bSEGNO, EDIZIONI _c1999 [1° Ed.:1999 - Ed.Ling.Originale: 1999] |
||
| 300 | _a163 p. | ||
| 500 | _aCENNI BIOGRAFICI SU G. BATTISTA SCALABRINI. ALTRI SCALABRINIANI ETTORE LUCIANO LORENZO CARLO SECONDO. MARIO F. ETC... IL CORO E I MISSIONARI. GIULIVO T. OTTAVIANO S. ROBERTO S. ETC... | ||
| 501 | _aSocietà San Paolo EM - Piazza San Paolo, 14 - 12051 ALBA (CN) (non commercial uses only) ® Copyright 2017 | ||
| 520 | _aCENNI BIOGRAFICI SU G. BATTISTA SCALABRINI. ALTRI SCALABRINIANI ETTORE LUCIANO LORENZO CARLO SECONDO. MARIO F. ETC... IL CORO E I MISSIONARI. GIULIVO T. OTTAVIANO S. ROBERTO S. ETC... | ||
| 650 | _aMISSIONOLOGIA | ||
| 942 | _cBK | ||
| 957 | _71 | ||
| 999 |
_a54186 _bNO _g Copie: 1 _c306599 _d306599 |
||